Arsenal Premier League Top 10 Scorers - Statistics

General Stats
  • This quiz has been taken 80 times
  • The average score is 8 of 10
Answer Stats
Hint Goals Answer % Correct
1🇫🇷 175 Thierry Henry
99%
3🇳🇱 96 Robin van Persie
93%
4🇳🇱 87 Dennis Bergkamp
92%
6🇬🇦 68 Pierre-Emerick Aubameyang
89%
2🏴󠁧󠁢󠁥󠁮󠁧󠁿 104 Ian Wright
86%
9🇨🇱 60 Alexis Sánchez
81%
8🇫🇷 62 Robert Pires
79%
10🇫🇷 54 Alexandre Lacazette
75%
5🇫🇷 73 Olivier Giroud
74%
7🏴󠁧󠁢󠁥󠁮󠁧󠁿 65 Theo Walcott
64%
No matching quizzes found
Score Distribution
Percent of People with Each Score
Percentile by Number Answered
Your Score History
You have not taken this quiz